Le plus gros achat de chaque club de Ligue 1 - Statistiques

Statistiques générales
  • Ce quiz a été pris 56 fois
  • Le résultat moyen est 7 sur 18
Statistiques - réponses
Club Saison de l'achat Montant Club précédent Joueur % Correct
PSG 17/18 222 Barcelone Neymar
100%
Marseille 22/23 32 Braga Vitinha
80%
Lens 23/24 30 Montpellier Elye Wahi
76%
Monaco 13/14 45 Porto James Rodriguez
76%
Lille 20/21 27 La Gantoise Jonathan David
63%
Rennes 22/23 28 Nice Amine Gouiri
56%
Lyon 23/25 31,9 Nottingham Forest Moussa Niakhaté
48%
Metz 24/25 13 Ajax Georges Mikautadze
44%
Nice 23/24 22,5 Lorient Terem Moffi
41%
Nantes 24/25 10 Rennes Matthis Abline
35%
Strasbourg 23/24 20 Club Brugge Abakar Sylla
11%
Brest (2 joueurs) 20/21 5 Huddersfield ou Saint-Étienne Steve Mounié ou Franck Honorat
9%
Auxerre (2 joueurs) 06/07 ou 05/06 5 Lyon ou Brondby Benoît Pedretti ou Thomas Kahlenberg
7%
Paris FC 26/27 25 Reims Patrick Zabi
7%
Toulouse 19/20 8 Dijon Wesley Said
7%
Lorient 22/23 11 Udinese Jean-Victor Makengo
6%
Angers 20/21 7,5 Bordeaux Paul Bernardoni
6%
Le Havre 18/19 2 Djurgardens Tino Kadewere
4%
Aucun quiz correspondant
Distribution des résultats
% des personnes avec chaque résultat
Percentile par nombre de réponses
Votre historique - résultats
Vous n’avez pas pris ce quiz